000 00593nam a2200229Ia 4500
003 OSt
005 20220928113610.0
006 a|||||r|||| 00| 0
007 ta
008 220927b |||||||| |||| 00| 0 eng d
024 _a46517
037 _cTextual
040 _aSDCL
_cSDCL
_beng
041 _2eng
_aeng
082 _aV3'M65<M31, J3
100 _aYoung G M
_9433994
245 0 _aPortrait of an age
260 _aLondon
_bOxford University Press
_c1953
300 _avii,219p
_ccm.
942 _hV3'M65<M31, J3
_cTEXL
_2CC
999 _c750395
_d750395